Las formas complejas de la vida religiosa (Record no. 40489)
[ view plain ]
| 000 -LEADER | |
|---|---|
| campo de control de longitud fija | 00624nam a2200193 i 4500 |
| 001 - NÚMERO DE CONTROL | |
| campo de control | 40489 |
| 003 - IDENTIFICADOR DE NÚMERO DE CONTROL | |
| campo de control | ES-MaACL |
| 005 - FECHA Y HORA DE LA ÚLTIMA TRANSACCIÓN | |
| campo de control | 20231212062534.0 |
| 007 - CAMPO FIJO DE DESCRIPCIÓN FÍSICA--INFORMACIÓN GENERAL | |
| campo de control de longitud fija | t| |
| 008 - DATOS DE LONGITUD FIJA--INFORMACIÓN GENERAL | |
| campo de control de longitud fija | 030306s1978 sp ||||1| spa d |
| 100 1# - ENTRADA PRINCIPAL--NOMBRE DE PERSONA | |
| Nombre de persona | Caro Baroja, Julio, |
| Fechas asociadas al nombre | 1914-1995 |
| 9 (RLIN) | 35403 |
| 245 14 - MENCIÓN DEL TÍTULO | |
| Título | Las formas complejas de la vida religiosa |
| Resto del título | : (religión, sociedad y carácter en la España de los siglos XVI y XVII) / |
| Mención de responsabilidad, etc. | Julio Caro Baroja. |
| 260 ## - PUBLICACIÓN, DISTRIBUCIÓN, ETC. | |
| Lugar de publicación, distribución, etc. | [Madrid] : |
| Nombre del editor, distribuidor, etc. | Akal, |
| Fecha de publicación, distribución, etc. | [1978] |
| 300 ## - DESCRIPCIÓN FÍSICA | |
| Extensión | 622 p. ; |
| Dimensiones | 23 cm. |
| 490 1# - MENCIÓN DE SERIE | |
| Mención de serie | Serie textos |
| 830 0# - PUNTO DE ACCESO ADICIONAL DE SERIE-TÍTULO UNIFORME | |
| Título uniforme | Serie textos |
| 9 (RLIN) | 185743 |
| 852 ## - LOCALIZACIÓN | |
| Ubicación | ES-MaACL |
| Número de control de estantería | A-8826 |
| Sublocalización o colección | R.97921 |
| Estatus retirado | Estado de pérdida | Estado de daño | No para préstamo | Biblioteca de origen | Biblioteca actual | Ubicación en estantería | Fecha de adquisición | Fuente de adquisición | Total de préstamos | Signatura topográfica completa | Código de barras | Visto por última vez | Precio de reemplazo | Tipo de ítem Koha |
|---|---|---|---|---|---|---|---|---|---|---|---|---|---|---|
| Biblioteca del Ateneo de Madrid | Biblioteca del Ateneo de Madrid | Depósito 1 | 17/01/2008 | A-8826 | 1042626 | 23/02/2023 | 23/02/2023 | Libro impreso |
